000 00871nam a2200265 a 4500
001 BRL_948
005 20190320210951.0
008 281013s1989----au-ao#####---#000-0#eng-#
020 _a0642131929
041 _aeng
044 _aau
050 4 _aN7400
_b.P74 1989
100 1 _aPremont, Roslyn
_925410
245 1 0 _aTjukurrpa
_bDesert Paintings of Central Australia
_cby Roslyn Premont and Mark Lennard ; Photography Claude Coirault.
260 _a[Australia]
_bCentre of Aboriginal Artists
_c1989
300 _a[63] p.
_bil. (algunas a color)
_c28 cm.
500 _aAu1017
650 1 4 _aArte
_zAustralia Central
_925411
650 1 4 _aArte aborigen australiano
_zAustralia Central
_925412
650 1 4 _aArtistas australianos
_zAustralia Central
_925413
700 1 _aLennard, Mark
_925414
700 1 _aCoirault, Claude
_eil.
_925415
902 _aGRL
942 _2lcc
_cB
999 _c9760
_d9760